000 01034cab a22002175a 4500
001 L146152
008 081211s2008 xxk f 000 0 eng d
035 _a(Sirsi) u146152
041 0 _aeng
100 1 _aPitt, Michael
245 0 0 _aWorkforce ownership of space in a space sharing environment
260 _c2008
490 0 _aJournal of Facilities Management
_v6(4) 2008, 290-302(13)
520 _aConsiders whether a happy balance can be struck in office space design between the commercial requirements of flexibility and human needs for privacy, identity, status and personal control. Provides a literature review in this area. Concludes that the culture of an organisation is the most important element in determining whether a workforce can own their own workspace in a space sharing environment.
590 _aKA
651 4 _aUnited Kingdom
_y
690 _aMANAGEMENT-FACILITIES MANAGEMENT
690 _aPROPERTY-COMMERCIAL PROPERTY-OFFICE PROPERTY-OFFICE PROPERTY MARKET
700 1 _aBennett, James
942 _n0
999 _c81054
_d81054